[Event "BL 0506 SK Zehlendorf - SF Berlin"]
[Site "?"]
[Date "2006.04.02"]
[Round "15.3"]
[White "Borriss, Martin Dr"]
[Black "Heinig, Wolfram Dr"]
[Result "1-0"]
[WhiteElo "2424"]
[BlackElo "2338"]
[PlyCount "111"]
[EventDate "2006.??.??"]

1. e4 c6 2. d4 d5 3. e5 Bf5 4. Be3 e6 5. Nd2 Ne7 6. Be2 h6 7. f4 Bh7 8. Ngf3
Nf5 9. Bf2 Be7 10. O-O h5 11. Nb3 Nd7 12. Qd2 Bg6 13. h3 h4 14. Bd3 Nf8 15. Qe1
Rc8 16. Rc1 a6 {(=)} 17. Nc5 Rc7 18. Qa5 Nd7 19. Qd2 Nxc5 20. dxc5 Rd7 21. b4
Kf8 22. Kh2 Rc7 23. Rb1 Rc8 24. a4 Kg8 25. Rb3 Bh5 26. Bxf5 Bxf3 27. Bxe6 Bxg2
28. Bxf7+ Kxf7 29. Kxg2 Rh5 30. Bd4 Rf5 31. Qe2 Qd7 32. Qg4 Qe6 33. Kh2 g6 34.
Rg1 Rg8 35. Rf3 Ke8 36. Rf2 Kd7 37. Rfg2 g5 38. fxg5 Rgxg5 39. Qe2 Rxe5 40.
Bxe5 Rxe5 41. Qg4 Re4 42. Qxe6+ Kxe6 43. Rg4 Bf6 44. Rxe4+ dxe4 45. Rg4 Kd5 46.
Kg2 Bc3 47. Rxh4 Bxb4 48. Rh7 Bxc5 49. Rxb7 Bd4 50. h4 Kc4 51. Rb3 c5 52. h5
Kd5 53. h6 c4 54. Rb8 Be5 55. Rd8+ Kc5 56. Re8 1-0

[Event "BL 0506 SK Zehlendorf - SF Berlin"]
[Site "?"]
[Date "2006.04.02"]
[Round "15.4"]
[White "Klimm, Wolf-Dietrich"]
[Black "Schneider, Ilja"]
[Result "0-1"]
[WhiteElo "2287"]
[BlackElo "2392"]
[PlyCount "44"]
[EventDate "2006.??.??"]

1. d4 d5 2. Nf3 Nc6 3. c4 Bg4 4. cxd5 Bxf3 5. dxc6 Bxc6 6. Nc3 Nf6 7. f3 e5 8.
dxe5 Nd7 9. e6 fxe6 10. e4 Qh4+ 11. g3 Qf6 12. Bg2 O-O-O 13. Qe2 h5 14. h4 Bd6
15. Rh3 Be5 16. Bd2 Nc5 17. O-O-O Ba4 18. Rf1 Rxd2 19. Kxd2 Bxc3+ 20. bxc3 Rd8+
21. Kc1 Qxc3+ 22. Kb1 Rd2 0-1

[Event "BL 0506 SK Zehlendorf - SF Berlin"]
[Site "?"]
[Date "2006.04.02"]
[Round "15.5"]
[White "Poldauf, Dirk"]
[Black "Lieb, Harald"]
[Result "1-0"]
[WhiteElo "2417"]
[BlackElo "2236"]
[PlyCount "69"]
[EventDate "2006.??.??"]

1. c4 f5 2. g3 Nf6 3. Bg2 g6 4. d4 Bg7 5. Nc3 O-O 6. Nh3 d6 7. d5 a5 8. O-O Na6
9. Be3 Bd7 10. Bd4 Rb8 11. Nf4 c5 12. Be3 Ng4 13. Bd2 Ne5 14. b3 Qe8 15. e4
fxe4 16. Nxe4 a4 17. Bc3 Nc7 18. Re1 Qf7 19. Nxc5 Bg4 20. Qd2 Bh6 21. Rxe5 dxe5
22. Bxe5 Bg7 23. Re1 Bxe5 24. Rxe5 axb3 25. axb3 b5 26. h3 Bf5 27. Qe3 Rfe8 28.
h4 bxc4 29. bxc4 Rb4 30. Qd2 Qf6 31. Kh2 Qd6 32. Nce6 Nxe6 33. Nxe6 Qb8 34.
Rxf5 Rb2 35. Qe3 1-0

[Event "BL 0506 SK Zehlendorf - SF Berlin"]
[Site "?"]
[Date "2006.04.02"]
[Round "15.6"]
[White "Kalabic, Faris"]
[Black "Thiede, Lars"]
[Result "0-1"]
[WhiteElo "2144"]
[BlackElo "2417"]
[PlyCount "73"]
[EventDate "2006.??.??"]

1. d4 g6 2. Bf4 Bg7 3. e3 d6 4. Nf3 Nf6 5. h3 O-O 6. Bd3 Nc6 7. Nbd2 Re8 8. Bh2
e5 9. dxe5 Nxe5 10. Nxe5 dxe5 11. e4 Nd7 12. O-O Nc5 13. Bc4 Qe7 14. Qf3 Bd7
15. Rfe1 b5 16. Bf1 a5 17. Rad1 Red8 18. Nb1 c6 19. c3 Bh6 20. Na3 Na4 21. b3
Nc5 22. Nc2 f6 23. h4 Be6 24. h5 a4 25. c4 axb3 26. axb3 Bd2 27. Re2 Rd3 28.
Re3 Rd7 29. Re2 Rad8 30. hxg6 hxg6 31. cxb5 cxb5 32. b4 Nb3 33. Rb1 Qf7 34. Qg3
Bc4 35. Ne3 Bxe2 36. Bxe2 Nc1 37. Bg4 0-1

[Event "BL 0506 SK Zehlendorf - SF Berlin"]
[Site "?"]
[Date "2006.04.02"]
[Round "15.7"]
[White "Thinius, Marco"]
[Black "Brustkern, Juergen"]
[Result "0-1"]
[WhiteElo "2353"]
[BlackElo "2236"]
[PlyCount "64"]
[EventDate "2006.??.??"]

1. e4 c6 2. d4 d5 3. e5 c5 4. dxc5 Nc6 5. Bb5 e6 6. Qg4 Bd7 7. Bxc6 Bxc6 8. Nf3
h5 9. Qd4 b6 10. cxb6 axb6 11. Bg5 Be7 12. Bxe7 Nxe7 13. Nc3 Nf5 14. Qf4 d4 15.
Ne4 Qd5 16. Nd6+ Nxd6 17. exd6 Qa5+ 18. Nd2 e5 19. Qg5 O-O 20. Qxh5 Rfd8 21.
Qd1 Bxg2 22. Rg1 Bd5 23. Rg5 Rxd6 24. Qg4 g6 25. Rxe5 Qb4 26. Qe2 Qxb2 27. Rb1
Qxc2 28. Re8+ Rxe8 29. Qxe8+ Kh7 30. Qf8 Re6+ 31. Kf1 Re5 32. f4 Qd3+ 0-1

[Event "BL 0506 Leipzig Gohlis - SC Kreuzberg"]
[Site "?"]
[Date "2006.04.02"]
[Round "15.2"]
[White "Roos, Michael"]
[Black "Maiwald, Jens-Uwe"]
[Result "0-1"]
[WhiteElo "2371"]
[BlackElo "2502"]
[PlyCount "88"]
[EventDate "2006.??.??"]

1. d4 d6 2. c4 e5 3. Nf3 e4 4. Ng5 f5 5. g3 c6 6. Bg2 Be7 7. Nh3 Nd7 8. O-O Nb6
9. b3 d5 10. c5 Nd7 11. b4 Nf8 12. Nc3 h5 13. f4 h4 14. b5 Ne6 15. bxc6 bxc6
16. Qa4 Bd7 17. Rb1 hxg3 18. hxg3 Nh6 19. Nd1 Bf6 20. e3 g5 21. Rb7 Rg8 22.
Rxa7 Rxa7 23. Qxa7 gxf4 24. gxf4 Bh4 25. Bd2 Qf6 26. Qb8+ Kf7 27. Qd6 Be8 28.
Be1 Qg6 29. Ng5+ Bxg5 30. fxg5 Qxg5 31. Qh2 Qg6 32. Bh4 f4 33. exf4 Nf5 34. Bg5
Nexd4 35. Qh3 Ne2+ 36. Kf2 Neg3 37. Re1 Qg7 38. Kg1 Rh8 39. Qg4 Qd4+ 40. Nf2
Qd2 41. Qd1 e3 42. Ng4 Qxd1 43. Rxd1 Ke6 44. Ne5 Nd4 0-1

[Event "BL 0506 Leipzig Gohlis - SC Kreuzberg"]
[Site "?"]
[Date "2006.04.02"]
[Round "15.3"]
[White "Kalinitschew, Sergey"]
[Black "Roeber, Bjoern"]
[Result "1-0"]
[WhiteElo "2491"]
[BlackElo "2310"]
[PlyCount "61"]
[EventDate "2006.??.??"]

1. d4 Nf6 2. c4 g6 3. Nc3 d5 4. Nf3 Bg7 5. e3 O-O 6. b4 Ne4 7. Bb2 Nxc3 8. Bxc3
b6 9. Rc1 c6 10. Be2 Bg4 11. O-O Nd7 12. cxd5 cxd5 13. b5 Bxf3 14. Bxf3 Nf6 15.
Bb4 a6 16. bxa6 Rxa6 17. Qe2 Ra7 18. Rc6 Qa8 19. Qb5 Rd8 20. a3 e6 21. Rfc1 Bf8
22. g3 Nd7 23. Kg2 Kg7 24. R1c3 Qb7 25. Be2 h5 26. h3 Rb8 27. Bd3 Rd8 28. Bxf8+
Rxf8 29. Qb4 Nc5 30. Rxb6 Nxd3 31. Rxb7 1-0

[Event "BL 0506 Leipzig Gohlis - SC Kreuzberg"]
[Site "?"]
[Date "2006.04.02"]
[Round "15.4"]
[White "Zesch, Ludwig"]
[Black "Lau, Ralf"]
[Result "1/2-1/2"]
[WhiteElo "2292"]
[BlackElo "2467"]
[PlyCount "36"]
[EventDate "2006.??.??"]

1. e4 g6 2. d4 Bg7 3. Nc3 d6 4. Nf3 a6 5. a4 e6 6. Bg5 Ne7 7. Qd2 h6 8. Be3 b6
9. Bc4 Nd7 10. O-O Nf6 11. Rfe1 Kf8 12. e5 dxe5 13. Nxe5 Bb7 14. Qe2 Ned5 15.
Bd2 Qd6 16. Qf3 Kg8 17. Rad1 Rf8 18. Nxd5 Bxd5 1/2-1/2

[Event "BL 0506 Leipzig Gohlis - SC Kreuzberg"]
[Site "?"]
[Date "2006.04.02"]
[Round "15.5"]
[White "Volke, Karsten"]
[Black "Quast, Michael"]
[Result "1-0"]
[WhiteElo "2473"]
[BlackElo "2281"]
[PlyCount "71"]
[EventDate "2006.??.??"]

1. Nf3 Nf6 2. c4 g6 3. Nc3 Bg7 4. e4 d6 5. d4 O-O 6. h3 c5 7. d5 a6 8. a4 e6 9.
Bd3 exd5 10. cxd5 Nbd7 11. Bf4 Qc7 12. O-O Rb8 13. Re1 Ne5 14. Nxe5 dxe5 15.
Be3 b6 16. Qe2 a5 17. Nb5 Qd8 18. Bg5 h6 19. Bh4 g5 20. Bg3 Ne8 21. Na7 Bd7 22.
Bb5 Nd6 23. Nc6 Bxc6 24. dxc6 Qe7 25. Red1 Rfd8 26. Ra3 Ne8 27. Rad3 Rd6 28.
Rxd6 Nxd6 29. Qd3 Rd8 30. Qd5 Bf6 31. Be2 Qc7 32. Bxe5 Bxe5 33. Qxe5 Qxc6 34.
Qf6 Qc7 35. Bc4 Rd7 36. Qg6+ 1-0

[Event "BL 0506 Leipzig Gohlis - SC Kreuzberg"]
[Site "?"]
[Date "2006.04.02"]
[Round "15.6"]
[White "Fischer, Johannes"]
[Black "Tischbierek, Raj"]
[Result "0-1"]
[WhiteElo "2285"]
[BlackElo "2466"]
[PlyCount "86"]
[EventDate "2006.??.??"]

1. e4 d6 2. d4 Nf6 3. Nc3 g6 4. f4 Bg7 5. a3 O-O 6. Nf3 b6 7. Bd3 Ba6 8. O-O c5
9. d5 Bxd3 10. Qxd3 Nbd7 11. Bd2 a6 12. Rae1 b5 13. e5 Ne8 14. e6 fxe6 15. Ng5
Nc7 16. dxe6 Nf6 17. f5 Qe8 18. Nf7 gxf5 19. Qxf5 Rxf7 20. exf7+ Qxf7 21. Ne4
Qd5 22. Nxf6+ Bxf6 23. Qg4+ Kh8 24. Rxf6 exf6 25. Re7 Rg8 26. Qh3 Rg7 27. Qc8+
Qg8 28. Qxg8+ Kxg8 29. Re2 Rd7 30. Kf2 Kf7 31. Re4 d5 32. Rh4 Kg6 33. Rh6+ Kg7
34. Kf3 Ne6 35. Kg4 d4 36. Kf5 Ng5 37. Bxg5 Rd5+ 38. Ke6 Re5+ 39. Kd6 Rxg5 40.
Rh3 Rxg2 41. Kxc5 Rxc2+ 42. Kxd4 Rxb2 43. Kc3 Rg2 0-1

[Event "BL 0506 Leipzig Gohlis - SC Kreuzberg"]
[Site "?"]
[Date "2006.04.02"]
[Round "15.7"]
[White "Loeffler, Stefan"]
[Black "Hoffmann, Hendrik"]
[Result "0-1"]
[WhiteElo "2440"]
[BlackElo "2288"]
[PlyCount "154"]
[EventDate "2006.??.??"]

1. d4 g6 2. e4 d6 3. c4 Nf6 4. Nc3 Bg7 5. Nf3 O-O 6. h3 c5 7. d5 e6 8. Bd3 exd5
9. cxd5 b5 10. Nxb5 Nxe4 11. Bxe4 Re8 12. Ng5 h6 13. Ne6 Qa5+ 14. Nc3 Bxc3+ 15.
bxc3 Qxc3+ 16. Bd2 Qc4 17. Qe2 Qxe2+ 18. Kxe2 Na6 19. Bxh6 fxe6 20. dxe6 Rb8
21. Rhb1 Rxb1 22. Rxb1 Rxe6 23. Kf3 Rxe4 24. Kxe4 Bf5+ 25. Kd5 Bxb1 26. a3 Bd3
27. g3 Nc7+ 28. Kxd6 Nb5+ 29. Kxc5 Nxa3 30. g4 Nc2 31. Bd2 Kf7 32. Bc3 g5 33.
Bd2 Kf6 34. Kd5 a6 35. Kc5 Bf1 36. Kb6 Bxh3 37. Kxa6 Bxg4 38. Kb6 Be6 39. Kc5
g4 40. Kd6 Kf5 41. Bc3 Bb3 42. Be5 Ke4 43. Bg3 Nb4 44. Ke7 Nd3 45. Kf6 Kf3 46.
Kg5 Bd1 47. Kh4 Nxf2 48. Bc7 Ne4 49. Bb8 Ba4 50. Be5 Bd7 51. Bb8 g3 52. Bxg3
Nxg3 53. Kg5 Ne4+ 54. Kg6 Kf4 55. Kf7 Ke5 56. Ke7 Bf5 57. Kf7 Kd6 58. Kf8 Bg6
59. Kg8 Ke7 60. Kh8 Kf6 61. Kg8 Nd6 62. Kf8 Bf5 63. Kg8 Nf7 64. Kf8 Bh7 65. Ke8
Ne5 66. Kf8 Nd7+ 67. Ke8 Ke6 68. Kd8 Kd6 69. Ke8 Bg6+ 70. Kd8 Bf7 71. Kc8 Nc5
72. Kd8 Nb7+ 73. Kc8 Kc6 74. Kb8 Kb6 75. Kc8 Be6+ 76. Kb8 Nc5 77. Ka8 Bh3 0-1

[Event "BL 0506 Leipzig Gohlis - SC Kreuzberg"]
[Site "?"]
[Date "2006.04.02"]
[Round "15.8"]
[White "Rausch, Stephan"]
[Black "Glienke, Manfred Dr"]
[Result "1-0"]
[WhiteElo "2343"]
[BlackElo "2327"]
[PlyCount "75"]
[EventDate "2006.??.??"]

1. d4 d5 2. Nf3 Nf6 3. Bg5 e6 4. c3 Be7 5. Nbd2 Nbd7 6. e3 c5 7. Bd3 Qb6 8. Rb1
Qa5 9. a3 cxd4 10. exd4 h6 11. Bh4 Nh5 12. Bxe7 Kxe7 13. g3 Nhf6 14. O-O Re8
15. Qe2 Kf8 16. h3 Qc7 17. Rfe1 b6 18. Qe3 Bb7 19. g4 a6 20. g5 hxg5 21. Qxg5
Ke7 22. Kf1 Rh8 23. Ne5 Kf8 24. Re3 Rh5 25. Qf4 Rc8 26. Rbe1 Rh6 27. h4 b5 28.
Ndf3 Nxe5 29. Nxe5 Ne4 30. f3 Nd2+ 31. Kf2 Nc4 32. R3e2 Nxe5 33. Rxe5 Qe7 34.
Rg5 Qc7 35. Rge5 Qe7 36. h5 Qf6 37. Qg4 Ke7 38. Rf5 1-0

[Event "BL 0506 OSC Baden Baden - Godesberger S"]
[Site "?"]
[Date "2006.04.01"]
[Round "14.1"]
[White "Kasimdzhanov, Rustam"]
[Black "Anand, Viswanathan"]
[Result "0-1"]
[WhiteElo "2670"]
[BlackElo "2788"]
[PlyCount "62"]
[EventDate "2006.??.??"]

1. e4 e5 2. Nf3 Nc6 3. Bb5 a6 4. Ba4 Nf6 5. O-O Be7 6. Re1 b5 7. Bb3 O-O 8. h3
Bb7 9. d3 Re8 10. Nc3 Bb4 11. a3 Bxc3 12. bxc3 Na5 13. Bg5 h6 14. Bh4 c5 15.
Bd5 Bxd5 16. Bxf6 Qxf6 17. exd5 Qd6 18. c4 bxc4 19. Qd2 Nb7 20. dxc4 e4 21. Nh2
Qg6 22. Qf4 Nd6 23. Nf1 f5 24. Rab1 Nxc4 25. Ng3 Re5 26. Rb7 Qf7 27. h4 Qxd5
28. Reb1 Rf8 29. Rc7 e3 30. Rbb7 Re7 31. f3 e2 0-1

[Event "BL 0506 OSC Baden Baden - Godesberger S"]
[Site "?"]
[Date "2006.04.01"]
[Round "14.2"]
[White "Svidler, Peter"]
[Black "Jenni, Florian"]
[Result "1-0"]
[WhiteElo "2740"]
[BlackElo "2502"]
[PlyCount "69"]
[EventDate "2006.??.??"]

1. e4 e5 2. Nf3 Nc6 3. Bb5 a6 4. Ba4 Nf6 5. O-O Be7 6. Re1 b5 7. Bb3 O-O 8. a4
Bb7 9. d3 d6 10. Nbd2 Na5 11. Ba2 c5 12. Nf1 b4 13. c3 Rb8 14. cxb4 cxb4 15.
Bd2 Bc8 16. Rc1 Bg4 17. Ne3 Be6 18. Bxe6 fxe6 19. Nc4 Nc6 20. Qb3 Qd7 21. Be3
Bd8 22. h3 Nh5 23. Qd1 Nf4 24. d4 exd4 25. Nxd4 Ne7 26. Nb3 Neg6 27. Nxd6 Bc7
28. e5 Nxe5 29. Bxf4 Rxf4 30. Rxc7 Qxc7 31. Rxe5 Rbf8 32. Re2 Rd8 33. Rd2 Qc6
34. Na5 Qc7 35. Nac4 1-0

[Event "BL 0506 OSC Baden Baden - Godesberger S"]
[Site "?"]
[Date "2006.04.01"]
[Round "14.4"]
[White "Vallejo Pons, Francisco"]
[Black "Seel, Christian"]
[Result "1-0"]
[WhiteElo "2674"]
[BlackElo "2492"]
[PlyCount "59"]
[EventDate "2006.??.??"]

1. c4 c5 2. Nf3 Nf6 3. Nc3 d5 4. cxd5 Nxd5 5. e4 Nb4 6. Bc4 Nd3+ 7. Ke2 Nf4+ 8.
Kf1 Ne6 9. b4 g6 10. bxc5 Bg7 11. Bxe6 Bxe6 12. d4 Nc6 13. Be3 Bc4+ 14. Kg1 Qa5
15. Rc1 f5 16. d5 Bxc3 17. dxc6 bxc6 18. Qc2 Rd8 19. h4 Rd3 20. Bd4 Rxd4 21.
Nxd4 Bxd4 22. Qxc4 Qd2 23. Rh3 fxe4 24. Kh1 Rf8 25. Rb1 Rxf2 26. Qg8+ Rf8 27.
Qe6 Bb2 28. Rb3 Qf4 29. R3xb2 Qxh4+ 30. Kg1 1-0

[Event "BL 0506 OSC Baden Baden - Godesberger S"]
[Site "?"]
[Date "2006.04.01"]
[Round "14.5"]
[White "Langheinrich, Ferenc"]
[Black "Krasenkow, Michal"]
[Result "0-1"]
[WhiteElo "2391"]
[BlackElo "2655"]
[PlyCount "50"]
[EventDate "2006.??.??"]

1. e4 e5 2. Nf3 Nc6 3. Bb5 Nf6 4. Qe2 Bc5 5. c3 O-O 6. d3 d6 7. h3 Ne7 8. d4
exd4 9. cxd4 Bb4+ 10. Nc3 d5 11. exd5 Nexd5 12. Bd2 c6 13. Bc4 Bxc3 14. bxc3
Re8 15. Ne5 Nd7 16. f4 f6 17. O-O fxe5 18. fxe5 Nf8 19. Bd3 Ng6 20. c4 Nb6 21.
Qe3 c5 22. Bxg6 hxg6 23. d5 Nxc4 24. Qf4 Qxd5 25. Rad1 Qd4+ 0-1

[Event "BL 0506 OSC Baden Baden - Godesberger S"]
[Site "?"]
[Date "2006.04.01"]
[Round "14.6"]
[White "Movsesian, Sergei"]
[Black "Grafl, Florian"]
[Result "1-0"]
[WhiteElo "2635"]
[BlackElo "2413"]
[PlyCount "57"]
[EventDate "2006.??.??"]

1. e4 d5 2. exd5 Qxd5 3. Nf3 Bg4 4. Be2 Nc6 5. d4 O-O-O 6. Be3 e5 7. c4 Qa5+ 8.
Bd2 Bb4 9. d5 Bxf3 10. Bxf3 Nd4 11. Nc3 Qa6 12. b3 Qg6 13. O-O Nf6 14. a3 Bd6
15. Be2 e4 16. Rc1 Qf5 17. f4 exf3 18. Bxf3 Nxf3+ 19. Rxf3 Qh5 20. Bf4 Bxa3 21.
Rb1 Bb4 22. Qd4 Nd7 23. Kh1 Rhe8 24. Nb5 Bc5 25. Qa1 Ne5 26. b4 Nxf3 27. bxc5
Re4 28. c6 Rxf4 29. Nxa7+ 1-0

[Event "BL 0506 OSC Baden Baden - Godesberger S"]
[Site "?"]
[Date "2006.04.01"]
[Round "14.7"]
[White "Jackelen, Thomas"]
[Black "Dautov, Rustem"]
[Result "0-1"]
[WhiteElo "2454"]
[BlackElo "2581"]
[PlyCount "70"]
[EventDate "2006.??.??"]

1. Nf3 Nf6 2. c4 c6 3. e3 d5 4. d4 a6 5. Bd3 Bg4 6. Nbd2 e6 7. Qc2 Nbd7 8. b3
Bh5 9. O-O Bd6 10. h3 Bg6 11. e4 dxe4 12. Nxe4 Nxe4 13. Bxe4 O-O 14. Bxg6 hxg6
15. Bg5 Qc7 16. Rfe1 Rfe8 17. Rad1 a5 18. a4 Be7 19. Bxe7 Rxe7 20. Rd3 Ree8 21.
Qd2 Red8 22. Qg5 b6 23. Qh4 Nf8 24. Red1 Rd6 25. Qf4 Rc8 26. Ne5 f6 27. Nf3 Qd7
28. Qd2 Rd8 29. h4 e5 30. Qe3 Ne6 31. d5 Nf4 32. R3d2 cxd5 33. cxd5 Qg4 34. Ne1
Qxh4 35. g3 Qg4 0-1

[Event "BL 0506 OSC Baden Baden - Godesberger S"]
[Site "?"]
[Date "2006.04.01"]
[Round "14.8"]
[White "Schlosser, Philipp"]
[Black "Armbruster, Alexander"]
[Result "1-0"]
[WhiteElo "2560"]
[BlackElo "2376"]
[PlyCount "73"]
[EventDate "2006.??.??"]

1. Nf3 d5 2. d4 e6 3. g3 c5 4. Bg2 Nc6 5. O-O Nf6 6. c4 Be7 7. cxd5 exd5 8. Nc3
Be6 9. b3 O-O 10. Bb2 Rc8 11. Rc1 Ne4 12. dxc5 Nxc5 13. Nd4 Qd7 14. Nxc6 bxc6
15. Qd4 f6 16. Rfd1 Bf7 17. Na4 Ne6 18. Qd2 Bh5 19. b4 Kh8 20. a3 f5 21. f4 Bd6
22. Rc2 Qb7 23. Rdc1 Qa6 24. Nc3 Rce8 25. Nxd5 cxd5 26. Rc6 Bxf4 27. gxf4 Qxe2
28. Qxe2 Bxe2 29. Rd6 Bc4 30. Be5 Nd8 31. Bxd5 Bxd5 32. Rxd5 Nf7 33. Rc7 Nxe5
34. fxe5 Re6 35. Rxa7 f4 36. Kf2 f3 37. Rf7 1-0

[Event "BL 0506 SG Kirchheim - SG Köln Porz"]
[Site "?"]
[Date "2006.04.01"]
[Round "14.2"]
[White "Gschnitzer, Oswald Dr"]
[Black "Lutz, Christopher"]
[Result "0-1"]
[WhiteElo "2427"]
[BlackElo "2609"]
[PlyCount "74"]
[EventDate "2006.??.??"]

1. Nf3 Nf6 2. c4 b6 3. g3 c5 4. Bg2 Bb7 5. Nc3 e6 6. O-O Be7 7. d4 cxd4 8. Qxd4
d6 9. Bg5 a6 10. Bxf6 Bxf6 11. Qd3 Ra7 12. Rfd1 Be7 13. Nd2 Bxg2 14. Kxg2 O-O
15. Nde4 Rd7 16. Rac1 Nc6 17. f4 Qb8 18. h4 Qb7 19. Kh2 Rfd8 20. Ng5 g6 21. e4
Bf6 22. b3 Nb4 23. Qe2 h6 24. Nf3 Bg7 25. h5 gxh5 26. Nd4 Nc6 27. Nxc6 Qxc6 28.
Rf1 Bxc3 29. Rxc3 d5 30. Qxh5 dxe4 31. Qxh6 f6 32. Qxf6 Rh7+ 33. Kg1 Qc5+ 34.
Rf2 Rd1+ 35. Kg2 Rh2+ 36. Kxh2 Qxf2+ 37. Kh3 Rh1+ 0-1

[Event "BL 0506 SG Kirchheim - SG Köln Porz"]
[Site "?"]
[Date "2006.04.01"]
[Round "14.3"]
[White "Van Wely, Loek"]
[Black "Beckhuis, Gernod"]
[Result "1-0"]
[WhiteElo "2648"]
[BlackElo "2328"]
[PlyCount "79"]
[EventDate "2006.??.??"]

1. d4 d5 2. c4 c6 3. Nf3 Nf6 4. e3 g6 5. Nc3 Bg7 6. Bd3 Bg4 7. h3 Bxf3 8. Qxf3
O-O 9. O-O e6 10. Rd1 Nbd7 11. b3 Re8 12. Bb2 e5 13. cxd5 cxd5 14. dxe5 Nxe5
15. Qf4 Nxd3 16. Rxd3 Qa5 17. Rad1 Rac8 18. Qf3 Red8 19. a3 Rd7 20. b4 Qa6 21.
Ne2 Rc2 22. Bxf6 Qxf6 23. Nf4 Ra2 24. Nxd5 Qxf3 25. gxf3 Kf8 26. Kg2 Ba1 27. e4
Kg7 28. f4 Bf6 29. Nxf6 Rxd3 30. Nh5+ Kh6 31. Rxd3 Kxh5 32. Rd7 Rxa3 33. Rxf7
h6 34. Rxb7 Rb3 35. e5 Rb1 36. e6 Re1 37. Rb5+ g5 38. f5 Re4 39. Rb8 Re5 40. f6
1-0

[Event "BL 0506 SG Kirchheim - SG Köln Porz"]
[Site "?"]
[Date "2006.04.01"]
[Round "14.4"]
[White "Wintzer, Joachim Dr"]
[Black "Vaganian, Rafael A"]
[Result "0-1"]
[WhiteElo "2324"]
[BlackElo "2614"]
[PlyCount "80"]
[EventDate "2006.??.??"]

1. c4 e6 2. Nc3 d5 3. d4 Be7 4. cxd5 exd5 5. Bf4 c6 6. e3 Bf5 7. g4 Be6 8. h3
Nd7 9. Bd3 h5 10. gxh5 Ndf6 11. Qf3 Nxh5 12. Nge2 Bd6 13. Bxd6 Qxd6 14. O-O-O
O-O-O 15. Ng3 Ngf6 16. Nf5 Bxf5 17. Bxf5+ Kb8 18. Kb1 Rde8 19. Rhg1 g6 20. Bd3
Ng7 21. Ne2 Re7 22. Nf4 Nfh5 23. Ne2 Qf6 24. Qg2 Nf5 25. Bxf5 Qxf5+ 26. Ka1 Ka8
27. a3 Re4 28. Rh1 Rh4 29. Rh2 Ng7 30. Rdh1 a6 31. Ng1 Ne8 32. Ne2 Nd6 33. Ng3
Qe6 34. Qf1 Nc4 35. Qg2 Ka7 36. Ne2 Qf5 37. Ng3 Qc2 38. Rb1 Qb3 39. Qf1 Nxa3
40. Rc1 Nc2+ 0-1

[Event "BL 0506 SG Kirchheim - SG Köln Porz"]
[Site "?"]
[Date "2006.04.01"]
[Round "14.6"]
[White "Rudolph, Johannes"]
[Black "Graf, Alexander"]
[Result "0-1"]
[WhiteElo "2314"]
[BlackElo "2613"]
[PlyCount "92"]
[EventDate "2006.??.??"]

1. d4 Nf6 2. c4 e6 3. Nc3 Bb4 4. f3 c5 5. d5 d6 6. e4 O-O 7. Bd3 Nbd7 8. Nge2
Ne5 9. O-O a6 10. Kh1 b5 11. cxb5 exd5 12. exd5 Qb6 13. Bg5 Nfd7 14. Bc2 axb5
15. a3 Bxc3 16. Nxc3 f6 17. Bc1 b4 18. Ne4 bxa3 19. bxa3 Ba6 20. Re1 Bc4 21. f4
Ng6 22. Ba4 Qc7 23. Nc3 Rae8 24. Re6 Rxe6 25. dxe6 Nb6 26. Bb3 Qc6 27. Bxc4
Nxc4 28. Qd3 Na5 29. Rb1 Ne7 30. Qb5 Ra8 31. Be3 Qc8 32. Bf2 Qxe6 33. Re1 Qf7
34. h3 Ng6 35. Ne4 Qd5 36. Qd7 Nc4 37. Nc3 Qf7 38. Qc6 Rxa3 39. Qc8+ Nf8 40.
Nb5 Rb3 41. Qc6 Rb2 42. Kg1 Na5 43. Qa6 Qb7 44. Qxd6 Rxb5 45. Bxc5 Qc8 46. Bb4
Nc4 0-1

[Event "BL 0506 SG Kirchheim - SG Köln Porz"]
[Site "?"]
[Date "2006.04.01"]
[Round "14.7"]
[White "Hansen, Curt"]
[Black "Adler, Joel Dr"]
[Result "1-0"]
[WhiteElo "2607"]
[BlackElo "2318"]
[PlyCount "57"]
[EventDate "2006.??.??"]

1. d4 d6 2. c4 e5 3. Nf3 e4 4. Ng5 f5 5. Nc3 Be7 6. Nh3 Nf6 7. g3 O-O 8. Bg2 c6
9. d5 Na6 10. O-O Nc7 11. a4 Nd7 12. f3 exf3 13. exf3 Ne5 14. f4 Nxc4 15. a5 b6
16. dxc6 Be6 17. Re1 Bf7 18. axb6 Nxb6 19. Ng5 d5 20. Nxf7 Rxf7 21. Be3 Nc4 22.
Nxd5 Nxd5 23. Bxd5 Nxe3 24. Bxf7+ Kxf7 25. Qb3+ Nd5 26. c7 Qd6 27. Kh1 Kg6 28.
Ra6 Qxa6 29. Qxd5 1-0

[Event "BL 0506 SG Kirchheim - SG Köln Porz"]
[Site "?"]
[Date "2006.04.01"]
[Round "14.8"]
[White "Porth, Dietmar"]
[Black "Van den Doel, Erik"]
[Result "0-1"]
[WhiteElo "2284"]
[BlackElo "2582"]
[PlyCount "64"]
[EventDate "2006.??.??"]

1. d4 Nf6 2. c4 e6 3. Nf3 b6 4. g3 Ba6 5. Qc2 Bb4+ 6. Bd2 Bxd2+ 7. Nbxd2 c5 8.
Bg2 Nc6 9. Ne5 Nxd4 10. Qa4 Qc8 11. Bxa8 Qxa8 12. f3 Bb7 13. Kf2 O-O 14. Rhg1
d6 15. Nd3 d5 16. Qd1 Rd8 17. cxd5 Bxd5 18. Qc1 Bb7 19. Rd1 Ba6 20. Nc4 Qd5 21.
b3 Qh5 22. h4 Ne4+ 23. Kg2 Nxg3 24. Nf4 Qxh4 25. e3 Ngf5 26. exd4 Qg3+ 27. Kf1
Qxf3+ 28. Ke1 Qg3+ 29. Ke2 Nxd4+ 30. Kf1 Qf3+ 31. Ke1 e5 32. Rd3 Qh1+ 0-1

[Event "BL 0506 Werder Bremen - SC Eppingen"]
[Site "?"]
[Date "2006.04.01"]
[Round "14.2"]
[White "Efimenko, Zahar"]
[Black "Postny, Evgeny"]
[Result "1/2-1/2"]
[WhiteElo "2637"]
[BlackElo "2571"]
[PlyCount "76"]
[EventDate "2006.??.??"]

1. e4 c6 2. d4 d5 3. e5 Bf5 4. Be3 e6 5. Nd2 Nd7 6. Be2 Bg6 7. h4 h6 8. h5 Bh7
9. Ngf3 Ne7 10. Nb3 Nc8 11. O-O Be7 12. Nh2 Ncb6 13. Nd2 O-O 14. c3 c5 15. a4
Rc8 16. a5 cxd4 17. Bxd4 Nc4 18. Nxc4 dxc4 19. Ng4 Qc7 20. Ra4 Be4 21. Rxc4
Qxa5 22. Ra4 Qc7 23. Rxa7 Rfd8 24. Bf3 Bc5 25. Ra4 Bxf3 26. Qxf3 b5 27. Raa1
Bxd4 28. cxd4 Qc2 29. d5 exd5 30. Qxd5 Nc5 31. Qf3 Ne6 32. Ne3 Qxb2 33. Nf5 Rc3
34. Qg4 Rc4 35. Qg3 Rc3 36. Qg4 Rc4 37. Qg3 Rc3 38. Qg4 Rc4 1/2-1/2

[Event "BL 0506 Werder Bremen - SC Eppingen"]
[Site "?"]
[Date "2006.04.01"]
[Round "14.4"]
[White "Hracek, Zbynek"]
[Black "Meier, Georg"]
[Result "1/2-1/2"]
[WhiteElo "2581"]
[BlackElo "2411"]
[PlyCount "56"]
[EventDate "2006.??.??"]

1. e4 e6 2. d4 d5 3. Nc3 dxe4 4. Nxe4 Nd7 5. g3 Be7 6. Bg2 Ngf6 7. Nxf6+ Bxf6
8. Nf3 O-O 9. O-O e5 10. Be3 exd4 11. Bxd4 c6 12. a4 a5 13. Re1 Qc7 14. Ra3
Bxd4 15. Qxd4 Qb6 16. Rd3 Qxd4 17. Rxd4 Nc5 18. Re5 Ne6 19. Rd6 Re8 20. Nd2 Kf8
21. Nc4 Nc7 22. Rxe8+ Nxe8 23. Rd2 Be6 24. Nb6 Rb8 25. Nd7+ Bxd7 26. Rxd7 Nf6
27. Rc7 Ne8 28. Rd7 Nf6 1/2-1/2

[Event "BL 0506 Werder Bremen - SC Eppingen"]
[Site "?"]
[Date "2006.04.01"]
[Round "14.5"]
[White "Medvegy, Zoltan"]
[Black "Babula, Vlastimil"]
[Result "0-1"]
[WhiteElo "2478"]
[BlackElo "2593"]
[PlyCount "88"]
[EventDate "2006.??.??"]

1. d4 Nf6 2. c4 e6 3. Nf3 b6 4. g3 Bb4+ 5. Nbd2 Bb7 6. Bg2 O-O 7. O-O d5 8. a3
Be7 9. cxd5 exd5 10. b4 a5 11. b5 c6 12. a4 cxb5 13. axb5 Ne8 14. Ne5 Nc7 15.
Qa4 Nd7 16. Nd3 Nf6 17. Rb1 Qe8 18. Ne5 Ba6 19. Nc6 Nxb5 20. Rxb5 Qxc6 21. Rxa5
Qc8 22. Rxd5 Nxd5 23. Bxd5 Bxe2 24. Bxa8 Bxf1 25. Nxf1 Qxa8 26. Qb5 Rc8 27. Be3
Qc6 28. Qf5 Rd8 29. Nd2 b5 30. Nf3 Qd5 31. Qxd5 Rxd5 32. Kf1 f6 33. Ke2 Kf7 34.
h4 Ke6 35. Nd2 Rd8 36. Kd3 Kd5 37. Ne4 Bb4 38. g4 Ra8 39. Ng3 Ra3+ 40. Kc2 g6
41. h5 Kc4 42. Ne4 Ra2+ 43. Kb1 Kb3 44. d5 f5 0-1